Chile National Team All-Time XI - Statistics

General Stats
  • This quiz has been taken 119 times
  • The average score is 6 of 13
Answer Stats
Position Period Player % Correct
MF 2006- Alexis Sánchez
99%
GK 2004- Claudio Bravo
97%
MF 2007- Arturo Vidal
96%
12th player 1955-68 Leonel Sánchez
89%
FW 1987-2001 Iván Zamorano
65%
FW 1994-2007 Marcelo Salas
58%
Coach 2012-16 Jorge Sampaoli
49%
DF 1966-82 Elías Figueroa
43%
FW 1969-85 Carlos Caszely
15%
DF 1967-79 Alberto Quintano
7%
DF 1968-77 Antonio Arias
7%
DF 1959-66 Luis Eyzaguirre
7%
MF 1963-69 Rubén Marcos
3%
No matching quizzes found
Score Distribution
Percent of People with Each Score
Percentile by Number Answered
Your Score History
You have not taken this quiz